000
00417nam a2200145Ia 4500
008
100122s9999 xx 000 0 und d
082
_b
40271
_a
81
100
_a
खाडिलकर नीलकंठ
245
_a
लेखननामा
260
_b
शलाका प्रकाशन
_c
1986
300
_a
203
630
_a
लेखननामा
730
_a
लेखननामा
942
_c
BOOK
999
_c
421168
_d
421165